| 000 | 01074nam2a22002771 4500 | ||
|---|---|---|---|
| 001 | v19\rc\1981979 | ||
| 005 | 20251118181205.2 | ||
| 035 | _a(NLR Aleph) 005065019 | ||
| 090 |
_a7036043 _c7036043 |
||
| 100 | _a20080623d1914 u y0rusy50 ca | ||
| 101 | 0 | _arus | |
| 102 | _aRU | ||
| 105 | _ay z ||||| | ||
| 200 | 1 |
_aОбъяснительная записка к проекту министра юстиции _e(Ч. 2 - конец) |
|
| 210 | _d1914 | ||
| 215 | _a[1], 179 с. | ||
| 461 | 0 |
_1001v19\rc\1981976 _12001#$aОбязательственное право$fПод ред. Н.В. Сорина. Вып. 1-$vВып. 3 _97036013 _cСанкт-Петербург _d1914 _fПод ред. Н.В. Сорина. Вып. 1- _nтип. В. Безобразов и К° _tОбязательственное право _vВып. 3 |
|
| 801 | 0 |
_aRU _bNLR _gpsbo |
|
| 801 | 0 |
_aRU _bRuMoRGB _2psbo |
|
| 801 | 1 |
_aRU _bProSoft-M _2rusmarc |
|
| 852 |
_aNLR _jDesideratum |
||
| 899 |
_aRuMoRGB _jA 308/26 |
||
| 899 |
_aRuMoRGB _jV 218/266 |
||
| 899 | _aНБ МГУ | ||
| 942 | _cBOOK | ||
| 980 | _aNB | ||